000 00380nam a2200145Ia 4500
008 231129s2015||||xx |||||||||||||| ||spa||
020 _a978-84-339-6641-4
040 _bspa
082 _a823 B261h
100 _aBarnes Julian
245 0 _aHablando del asunto
260 _c2015
264 _aBarcelona EspaƱa : Anagrama
942 _2ddc
_cBKS
999 _c14847
_d14847